Qui est ce personnage Disney ? - Statistiques

Statistiques générales
  • Ce quiz a été pris 239 fois
  • Le résultat moyen est 9 sur 15
Statistiques - réponses
Description Personnage % Correct
Elle est amie avec un gentil poisson jaune, elle tente d'échapper à une méchante pieuvre. Ariel
95%
Il est ami avec un ourson jaune qui adore le miel, il est qualifié de triste et pessimiste. Bourriquet
79%
Il ne peut pas être cuisinier à cause de son apparence, il vit à Paris. Rémy
71%
Il fait parti d'une tribu de sept petits hommes, il est le seul à être imberbe. Simplet
71%
Il brille de sa carrosserie rouge, il est souvent avec son fidèle ami dépanneuse. Flash McQueen
69%
Il est tout blanc et tout mignon, il accompagne deux sœurs dans leur aventure incroyable. Olaf
59%
Elle a deux frères, un pianiste et l'autre peintre, elle possède un magnifique pelage blanc. Marie
58%
Elle partage ses spaghettis avec son compagnon, elle a de longues oreilles pendantes. Lady
54%
Elle possède trois enfants et a le pouvoir de devenir élastique en cas de besoin. Elastigirl
53%
Elle est la fidèle amie d'un célèbre cow-boy et amoureuse d'un ranger de l'espace. Jessie
52%
Il est le meilleur ami d'un petit suricate, il adore manger des insectes et des larves. Pumbaa
48%
Elle pense se balader avec un chien mais en réalité il s'agit d'un monstre bleu. Lilo
47%
Elle vole avec ses deux frères vers le pays imaginaire, elle est guidée par un autre garçon. Wendy Darling
38%
Ils sont fidèles compagnons d'un méchant qui essaye de nuire au fils d'un dieu grec. Peine et Panique
33%
Il est rusé et va tenter d'aider une connue policière lapine à résoudre une enquête. Nick Wilde
25%
Aucun quiz correspondant
Distribution des résultats
% des personnes avec chaque résultat
Percentile par nombre de réponses
Votre historique - résultats
Vous n’avez pas pris ce quiz